000 01338nam a22003617a 4500
001 3245466
003 OSt
005 20210426093147.0
008 801229s1981 mduc b 001 0 eng
010 _a 80028786
020 _a0801825628
040 _aeng
_cDLC
_deng
041 _aeng
043 _an-us---
050 0 0 _aR854.U5
_bH37
060 _aWZ 70 AA1 H3s
080 _a61 (09)
_bM-44
082 0 0 _a610/.72073
_219
100 1 _aHarvey, A. McGehee
_q(Abner McGehee),
_d1911-
245 1 0 _aScience at the bedside :
_bclinical research in American medicine 1905-1945 /
_c/ by: The Johns Hopkins University Press
260 _aBaltimore :
_bThe Johns Hopkins University Press
_cc1981.
300 _axix, 554 p. :
_bport. ;
_c24 cm.
504 _aIncludes bibliographical references and indexes.
650 0 _aMedicine
_xResearch
_zUnited States
_xHistory
_y20th century.
650 0 _aClinical medicine
_xResearch
_zUnited States
_xHistory
_y20th century.
650 2 _aAcademic medical centers
_xHistory
_zUnited States.
650 2 _aHistory of medicine, 20th century
_zUnited States.
650 2 _aPhysicians
_zUnited States
_xBiography.
650 2 _aResearch
_xHistory
_zUnited States.
653 _aმედიცინის ისტორია
906 _a7
_bcbc
_corignew
_du
_eocip
_f19
_gy-gencatlg
942 _2udc
_cBK
999 _c846
_d846